| 000 | 00749nam a22002297a 4500 | ||
|---|---|---|---|
| 999 |
_c6421 _d6421 |
||
| 003 | AR-CdUCM | ||
| 008 | 190315b ||||| |||| 00| 0 spa d | ||
| 020 | _a978-14031-4666-3 | ||
| 040 |
_aMUNICIPALIDAD PROVINCIAL DEL CUSCO _cBIBLIOTECA MUNICIPAL DEL CUSCO |
||
| 041 | _heng | ||
| 082 |
_a080 / _bH85 |
||
| 100 |
_aHubbard, Ronal L. _918228 |
||
| 245 | _aScientology 8- 8008 / | ||
| 260 |
_aCalifornia : _bBridge publications, _c2007. |
||
| 300 |
_a415 paginas ; _bIlustraciones, _c24.5 cm. |
||
| 505 | _aEl beingness del hombre -- La tierra theta-mest -- Tiempo, espacio, energía y materia ... | ||
| 650 |
_aEstática y cinética _918248 |
||
| 650 |
_aDinámicas _918249 |
||
| 650 |
_aReligión _91195 |
||
| 942 |
_2ddc _cLIBROS |
||
| 945 | _aacv | ||